| 000 | 00807nam a2200253 i 4500 | ||
|---|---|---|---|
| 001 | 88890 | ||
| 003 | ES-MaACL | ||
| 005 | 20231222163559.0 | ||
| 007 | t| | ||
| 008 | 041227s2000 sp ||||1| spa d | ||
| 020 | _a84-7782-675-7 | ||
| 080 | _a75 Bertuchi, Mariano (083.824) | ||
| 100 | 1 |
_aBertuchi, Mariano. _928543 |
|
| 245 | 1 | 0 |
_aMariano Bertuchi _b: pintor de Marruecos / _cAlfonso de la Serna ... [et al.]. |
| 260 |
_aBarcelona : _bLunwerg, _c[2000] |
||
| 300 |
_a253 p. : _bil. ; _c30 cm. |
||
| 504 | _aBibliografĂa: p. 249-251. | ||
| 600 | 1 | 4 |
_aBertuchi, Mariano- _vExposiciones. _928544 |
| 655 | 7 |
_2tgfbne _9193628 _aCatálogos de exposiciones |
|
| 700 | 1 |
_aSerna, Alfonso de la, _d1922-2006 _9105561 |
|
| 852 |
_aES-MaACL _jE-10729 _bR.134927 |
||
| 942 | _2udc | ||
| 999 |
_c88890 _d88890 |
||